| Поле | Название | Значение |
| |
Тип записи |
a |
| |
Библиографический уровень |
m |
| 001 |
Контрольный номер |
97f5cda3dab840ba845f55e383b970f8 |
| 005 |
Дата корректировки |
20201206205139.0 |
| 010 |
Индекс ISBN |
__ |
| a |
ISBN |
978-5-4444-6407-6 (в пер.) |
| d |
Цена |
300-67, 1800 экз. |
| 100 |
Данные общей обработки |
__ |
| a |
Данные общей обработки |
19180716d2018||||||| 0rusy0189 ca |
| 101 |
Язык документа |
0_ |
| a |
Язык текста |
rus |
| 102 |
Страна публикации |
__ |
| a |
Страна публикации |
ru |
| 105 |
Кодированные данные (монография) |
__ |
| a |
Кодированные данные (монография) |
#||||||||||zy |
| 200 |
Заглавие и сведения об ответственности |
1_ |
| a |
Заглавие |
Охота на Вепря |
| e |
Сведения, относящиеся к заглавию |
[роман] |
| f |
Первые сведения об ответственности |
Дмитрий Агалаков |
| b |
Общее обозначение материала |
Текст |
| 210 |
Выходные данные |
__ |
| a |
Место издания |
Москва |
| c |
Издательство |
Вече |
| d |
Дата издания |
2018 |
| 215 |
Физическое описание |
__ |
| a |
Объем |
318, [1] с. |
| d |
Формат |
21 см |
| 225 |
Серия |
__ |
| a |
Серия |
Сибирский приключенческий роман |
| 330 |
Аннотация |
__ |
| a |
Аннотация |
Конец девятнадцатого века. Петербургский сыщик Петр Ильич Васильчиков, в силу обстоятельств поселившийся в провинции, получает приглашение от графа Кураева приехать к нему в усадьбу. Старый граф просит детектива раскрыть одно преступление и проследить за известным всему Поволжью человеком - купцом первой гильдии Дармидонтом Кабаниным. Никто не берется мериться с ним силами - чиновники подкуплены, запуганы простые люди. Крупные вельможи опасаются связываться с воротилой-нуворишем. Петру Ильичу предстоит пуститься в полное опасностей путешествие. Губернии Средней Волги, Восточная Европа, Дальний Восток и Пекин - по этим маршрутам отправится частный сыщик Петр Ильич Васильчиков, чтобы разрушить империю, созданную Вепрем, и узнать роковую тайну, которую на протяжении трех столетий хранили предки двух соперничающих родов. |
| 333 |
Примечание о целевом назначении |
__ |
| a |
Примечание о целевом назначении |
12+. Для детей старше 12 лет |
| 606 |
Тематические рубрики |
__ |
| a |
Основная рубрика |
Художественная литература |
| 606 |
Тематические рубрики |
__ |
| a |
Основная рубрика |
Современная русская литература (произведения) |
| 610 |
Ключевые слова |
__ |
| a |
Ключевые слова |
историко-приключенческие романы |
| a |
Ключевые слова |
исторические романы |
| a |
Ключевые слова |
приключенческие романы |
| a |
Ключевые слова |
исторические детективы |
| a |
Ключевые слова |
романы |
| a |
Ключевые слова |
детективы |
| a |
Ключевые слова |
тема Сибири |
| a |
Ключевые слова |
тема истории |
| a |
Ключевые слова |
тема тайн |
| a |
Ключевые слова |
тема приключений |
| 686 |
Индексы других классификаций |
__ |
| 2 |
Код системы |
rubbks |
| a |
Классификационный индекс |
84(2=411.2)6-4; ст84(2Рос=Рус)6-4 |
| 700 |
Автор |
_1 |
| a |
Фамилия |
Агалаков |
| b |
Имя |
Д. В. |
| f |
Даты |
1966- |
| g |
Полное личное имя |
Дмитрий Валентинович |
| 4 |
Код отношения |
070 |
| 801 |
Источник записи |
_0 |
| a |
Страна |
ru |
| b |
Организация |
Муниципальное бюджетное учреждение культуры "Централизованная библиотечная система" г. Сургут (Центральная городская библиотека им. А. С. Пушкина) |
| c |
Дата составления |
20180716 |
| g |
Правила каталогизации |
rpk |
| 801 |
Источник записи |
_1 |
| a |
Страна |
ru |
| b |
Организация |
Муниципальное бюджетное учреждение культуры "Централизованная библиотечная система" г. Сургут (Центральная городская библиотека им. А. С. Пушкина) |
| c |
Дата составления |
20180716 |
| g |
Правила каталогизации |
rpk |
| 852 |
Данные о местонахождении |
__ |
| j |
Шифр хранения |
84(2=411.2)6-4 |
| i |
Авторский знак |
А 23 |
| 901 |
Тип документа |
__ |
| t |
Тип документа |
m |
| a |
Ответственный |
КиК/Котельникова |
| 903 |
Характеристики (МАРС) |
__ |
| a |
Дата передачи |
20180716 |
| 990 |
Данные о заказе (DOS) |
__ |
| j |
Количество экземпляров (DOS) |
7 |
| t |
N записи в КСУ для И/У (DOS) |
201808 |